Detail in contemporary glass architecture / (Record no. 353677)
[ view plain ]
| 000 -LEADER | |
|---|---|
| fixed length control field | 02148nam a2200253 a 4500 |
| 001 - CONTROL NUMBER | |
| control field | ASIN1856697401 |
| 003 - CONTROL NUMBER IDENTIFIER | |
| control field | OSt |
| 005 - DATE AND TIME OF LATEST TRANSACTION | |
| control field | 20180116192415.0 |
| 008 - FIXED-LENGTH DATA ELEMENTS--GENERAL INFORMATION | |
| fixed length control field | 130220s2011 xxu eng d |
| 020 ## - INTERNATIONAL STANDARD BOOK NUMBER | |
| International Standard Book Number | 1856697401 (hardcover) |
| Terms of availability | $50.00 |
| 020 ## - INTERNATIONAL STANDARD BOOK NUMBER | |
| International Standard Book Number | 9781856697408 (hardcover) |
| 040 ## - CATALOGING SOURCE | |
| Transcribing agency | 0 |
| 082 ## - DEWEY DECIMAL CLASSIFICATION NUMBER | |
| Classification number | 721.04496 |
| 100 1# - MAIN ENTRY--PERSONAL NAME | |
| Personal name | McLeod, Virginia. |
| 9 (RLIN) | 6454 |
| 245 10 - TITLE STATEMENT | |
| Title | Detail in contemporary glass architecture / |
| Statement of responsibility, etc. | Virginia McLeod. |
| 250 ## - EDITION STATEMENT | |
| Edition statement | Har/Cdr ed. |
| 260 ## - PUBLICATION, DISTRIBUTION, ETC. | |
| Place of publication, distribution, etc. | London : |
| Name of publisher, distributor, etc. | Laurence King Publishers, |
| Date of publication, distribution, etc. | 2011. |
| 300 ## - PHYSICAL DESCRIPTION | |
| Extent | 224 p. ; + CD ROM |
| Dimensions | 30 cm. |
| 520 ## - SUMMARY, ETC. | |
| Summary, etc. | Following the success of the earlier titles in this series, Detail in Contemporary Glass Architecture provides analysis of both the technical and the aesthetic importance of details in modern glass architecture. Featuring the work of renowned architects from around the world, this book presents 50 of the most recently completed and influential glass designs for residential, public and commercial architecture. Each project is presented with colour photographs, site plans and sections and elevations, as well as numerous construction details. There is also a descriptive text, detailed captions and in-depth information for each project, including the location, client, architectural project team, main consultants and contractors. The projects are presented in clear and concise layouts over four pages. All of the drawings are styled in the same consistent way and presented at standard architectural scales to allow for easy comparison. There is also a CD-ROM which contains all the drawings as printed in the book, in both EPS and DWG (generic CAD) formats. In addition the book features an index of architects that includes the name, address and all contact details for each architect. Detail in Contemporary Glass Architecture is an excellent reference work for practising architects as well as architecture and design students. |
| 650 ## - SUBJECT ADDED ENTRY--TOPICAL TERM | |
| Topical term or geographic name entry element | Glass construction |
| 9 (RLIN) | 6455 |
| 856 40 - ELECTRONIC LOCATION AND ACCESS | |
| Materials specified | Amazon.com |
| Uniform Resource Identifier | <a href="http://www.amazon.com/exec/obidos/ASIN/1856697401/chopaconline-20">http://www.amazon.com/exec/obidos/ASIN/1856697401/chopaconline-20</a> |
| 942 ## - ADDED ENTRY ELEMENTS (KOHA) | |
| Source of classification or shelving scheme | |
| Koha item type | Book |
| Withdrawn status | Lost status | Source of classification or shelving scheme | Damaged status | Not for loan | Permanent Location | Current Location | Date acquired | Total Checkouts | Full call number | Barcode | Date last seen | Date last checked out | Copy number | Cost, replacement price | Price effective from | Koha item type |
|---|---|---|---|---|---|---|---|---|---|---|---|---|---|---|---|---|
| School of Art Design and Architecture (SADA) | School of Art Design and Architecture (SADA) | 02/19/2013 | 1 | 721.04496 MCL 2010 | SADA0001961 | 11/19/2014 | 10/23/2014 | 1 | 5032.16 | 02/21/2013 | Book | |||||
| School of Art Design and Architecture (SADA) | School of Art Design and Architecture (SADA) | 05/06/2015 | CD 721.04496 MCL 2010 | SADA0002469 | 01/05/2017 | 01 | 01/05/2017 |
